000 00999nam a22002057a 4500
003 NALT
005 20251125233135.0
008 s2551 th tha d
040 _aNALT
041 _atha
090 _aอศ
_bว634อ 2551
245 1 0 _aอนุสรณ์งานพระราชทานเพลิงศพ นายวิบูลย์ บูรณะหิรัญ ท.ม. ท.ช. อดีตผู้ตรวจการพาณิชย์ วันอาทิตย์ที่ 18 พฤษภาคม 2551 เวลา 16.00 น.
260 3 _aกรุงเทพฯ :
_bม.ป.พ.,
_c2551
300 _a108 หน้า :
_b ภาพประกอบ ;
_c 21 ซม.
650 0 4 _aวิบูลย์ บูรณะหิรัญ -- ชีวประวัติ
850 _aNALT
856 4 0 _uhttps://hdl.handle.net/20.500.14156/296977
942 _cCRE
_2lcc
999 _c77427
_d77427
998 _j1020
_k จำเรียง ระวังสำโรง